000 01282nam a22003497a 4500
003 CHAP
005 20220817041805.0
008 971013s1974 r 00010 d
010 _a24554
011 _a25526
035 _a29626
040 _cCHAP
082 _a614.3
_bC6 1974
110 _aComité Mixto FAO/OMS de Expertos en Aditivos Alimentarios
_925891
245 _aEvaluación toxicológica de ciertos aditivos alimentarios
_b: colores alimentarios, enzimas, mejoradores del sabor, espesantes y otros, decimoctavo informe del Comité
260 _aRoma :
_bFAO,
_c1974
300 _a262 p.
490 _aFAO. Reuniones sobre nutrición
_v; 54A
590 _aBATCH-UPD
_b10
_c20130110
_lUCH01
_h1321
590 _aBATCH-UPD
_b10
_c20130410
_lUCH01
_h0831
590 _aBATCH-UPD
_b10
_c20130913
_lUCH01
_h2010
590 _aCONVERSION
_b10
_c20130109
_lUCH01
_h1314
650 1 4 _aAditivos alimenticios.
_9907
650 1 4 _aAlimentos
_xToxicología.
_94296
710 0 _aFAO.
710 0 _aOrganización Mundial de la Salud.
_983555
830 0 _aFAO. Reuniones sobre nutrición
_v; 54A
_939679
901 _aBK
942 _cLIBRO
949 _a614.3 C6 1974
_bBC
_cFAO
_d-68571
_eFAO1
_h38976
_i29626
_si
949 _a614.3 C6 1974
_bBC
_cFAO
_d-68574
_eFAO2
_fc.2
_h39343
_i29626
_si
999 _c24554
_d24554